000 01099nam a2200301 i 4500
003 EG-GICUC
005 20260506112613.0
008 260409s1873 fr |||fr|||| 00| 0 fre d
040 _aEG-GiCUC
_bfre
_cEG-GiCUC
_dEG-GiCUC
_eRda
082 0 4 _221
_a343.1
_bBO . P
092 0 4 _221
099 _aLaw1 10 343.1 BO . P 1873
100 1 _aBonnier, Édouard
_eAuteur
245 1 4 _aDes Preuves En Droit Civil Et en Droit Criminel :
_bTraité Théorique Et Pratique.
_nTome Premier /
_cÉdouard Bonnier.
250 _aQuatrième Édition
_bRevur Et Mise Au Courant De La Législation Et De La Jurisprudence
264 1 _aParis :
_bHendi Plon, Éditeur,
_bMarescq Ainé, Éditeur,
_c1873.
264 3 _aParis
_bHenri Plon
300 _a586 page ;
_c 24 cm.
336 _2rda contenu
_a texte
337 _2rda medias
_aOrdinateur
338 _2 transporteur rda
_a Ressource en ligne
650 1 _aDroit Pénal Général
_2qrmak
650 1 _aDroit De Panél
_2qrmak
651 1 _2qrmak
856 4 0 _uhttps://fll.law.cu.edu.eg/fulltext/bks/B10-08633.pdf
905 _a54
942 _2ddc
_cBK
_e21
_n0
999 _c69853
_d69853